000 00753nam a2200241Ia 4500
003 OSt
005 20221006153657.0
006 a|||||r|||| 00| 0
007 ta
008 221006b |||||||| |||| 00| 0 eng d
020 _a1901903338
024 _a33,028
037 _bgift, Toshiba International Foundation
_cAnnuals, Advances
040 _aEASL
_cEASL
_beng
041 _2eng
_aeng
082 _aL:5(S:6823).42, P4
100 _aColby Mark A. Au.
_9664914
245 0 _aJapan Healthcare debate
260 _aFolkestone
_bkent Global Oriental
_c2004
300 _axii,154p.
_ccm.
942 _hL:5(S:6823).42, P4
_cREF
_2CC
999 _c1101114
_d1101114